| 000 | 00733cam a2200241 a 4500 | ||
|---|---|---|---|
| 001 | 000010653 | ||
| 003 | UkOxU | ||
| 005 | 20250725140219.0 | ||
| 008 | 970926s1973 ve a 001 0 spa d | ||
| 040 |
_aDO-SdBNP _bspa _cEQO _dBNPHU |
||
| 082 |
_a575 _bF363e |
||
| 100 | 1 |
_aFernández Novoa, Julio F. _925794 |
|
| 245 | 1 | 0 |
_aExploración del cosmos / _cJulio F. Fernández, Estrella de Ladero. |
| 260 |
_aCaracas, (Venezuela):, _c1973. |
||
| 490 | 1 |
_aCientífica _v45 |
|
| 650 | 0 |
_a Cosmología _91848 |
|
| 650 | 4 |
_aVida en otros planetas _919498 |
|
| 650 | 4 |
_aEspacio exterior _925795 |
|
| 700 | 1 |
_aLaredo, Estrella de _925796 |
|
| 830 | 0 |
_aCientífica ; _v45 _925797 |
|
| 910 | _aCatalogación por copia / OXFORD | ||
| 049 | _aBNGR | ||
| 999 |
_c10408 _d10408 |
||